[Event "Internet Section 06A g/8'+2\""]
[Site "Dos Hermanas"]
[Date "2004.03.06"]
[Round "1"]
[White "Bolanos Vizcarra, Felix"]
[Black "Klepiak, Stefan Michael"]
[Result "1-0"]
[WhiteElo "2025"]
[BlackElo "1287"]
[PlyCount "21"]
[EventDate "2004.03.06"]
[EventType "swiss (blitz)"]
[EventRounds "9"]
[EventCountry "ESP"]
[SourceTitle "CBM 099 Extra"]
[Source "ChessBase"]
[SourceDate "2004.05.04"]
[SourceVersion "1"]
[SourceVersionDate "2004.05.04"]
[SourceQuality "1"]

1. d4 f5 2. c4 Nf6 3. Nc3 e6 4. Bg5 d6 5. Bxf6 Qxf6 6. e4 Nd7 7. Nf3 Be7 8. Bd3 0-0 9. exf5 exf5 10. Nd5 Qg6 11. Nxe7+ 1-0

[Event "Internet Section 06A g/8'+2\""]
[Site "Dos Hermanas"]
[Date "2004.03.06"]
[Round "3"]
[White "Bolanos Vizcarra, Felix"]
[Black "Radulski, Julian"]
[Result "0-1"]
[WhiteElo "2052"]
[BlackElo "2475"]
[PlyCount "52"]
[EventDate "2004.03.06"]
[EventType "swiss (blitz)"]
[EventRounds "9"]
[EventCountry "ESP"]
[SourceTitle "CBM 099 Extra"]
[Source "ChessBase"]
[SourceDate "2004.05.04"]
[SourceVersion "1"]
[SourceVersionDate "2004.05.04"]
[SourceQuality "1"]

1. d4 d5 2. c4 e6 3. Nc3 Nf6 4. Nf3 Nbd7 5. Bg5 Be7 6. e3 0-0 7. Bd3 dxc4 8. Bxc4 c5 9. 0-0 a6 10. a4 cxd4 11. Nxd4 Ne5 12. Be2 Qa5 13. Bf4 Ng6 14. Bg3 e5 15. Nb3 Qb4 16. Qc2 Be6 17. Nd2 Rac8 18. Rfc1 Rfd8 19. h4 h5 20. e4 Ng4 21. Bxg4 Bxg4 22. Qb3 Rxd2 23. Qxb4 Bxb4 24. Nd5 Rxc1+ 25. Rxc1 Bd6 26. Rc8+ Bxc8 0-1

[Event "Internet Section 06A g/8'+2\""]
[Site "Dos Hermanas"]
[Date "2004.03.06"]
[Round "8"]
[White "Revesz, Norbert"]
[Black "Bolanos Vizcarra, Felix"]
[Result "1/2-1/2"]
[WhiteElo "1824"]
[BlackElo "2073"]
[PlyCount "64"]
[EventDate "2004.03.06"]
[EventType "swiss (blitz)"]
[EventRounds "9"]
[EventCountry "ESP"]
[SourceTitle "CBM 099 Extra"]
[Source "ChessBase"]
[SourceDate "2004.05.04"]
[SourceVersion "1"]
[SourceVersionDate "2004.05.04"]
[SourceQuality "1"]

1. e4 c5 2. Nc3 e6 3. g3 d5 4. exd5 exd5 5. Bg2 Nf6 6. d3 Be7 7. Nge2 Nc6 8. 0-0 0-0 9. Bg5 d4 10. Bxf6 Bxf6 11. Ne4 Be7 12. h3 Bf5 13. Qd2 Qd7 14. Kh2 Bxe4 15. Bxe4 Rac8 16. Rae1 Bf6 17. a3 b6 18. Qf4 Qc7 19. Qxc7 Rxc7 20. Bg2 Bg5 21. f4 Bf6 22. Ng1 Ne7 23. g4 g6 24. Re2 Nc6 25. Kg3 Rd8 26. Rfe1 Kf8 27. Nf3 h6 28. Ne5 Nxe5 29. fxe5 Be7 30. Rf1 Kg7 31. Ref2 Rf8 32. Bd5 f6 1/2-1/2